banner-ar

معجم العمارة والفن : (Record no. 59683)

MARC details
000 -الفاتح
حقل البيانات ثابتة الطول 00659nam a2200193Ia 4500
008 - عناصر البيانات ثابتة الطول - معلومات عامة
حقل البيانات ثابتة الطول 140319s9999 xx 000 0 ara d
040 ## - مصدر الفهرسة
وكالة الفهرسة الأصلية GCL /
وكالة النسخ GCL
082 04 - رقم تصنيف ديوى العشرى
رقم التصنيف م
رقم المادة 720.03
-- ع م
100 1# - المدخل الرئيسى - إسم شخصى
الإسم الشخصى عفيف البهنسى
245 10 - بيان العنوان
العنوان معجم العمارة والفن :
بقية العنوان عربى - فرنسى ، فرنسى - عربى /
بيان المسئوليه,etc عفيف البهنسى
260 ## - PUBLICATION, DISTRIBUTION, ETC. (IMPRINT)
تاريخ النشر أو التوزيع 1995
650 04 - المدخل الاضافى بالموضوع-مصطلح موضوعى
مصطلح موضوعي المعاجم
650 04 - المدخل الاضافى بالموضوع-مصطلح موضوعى
مصطلح موضوعي العمارة
650 04 - المدخل الاضافى بالموضوع-مصطلح موضوعى
مصطلح موضوعي الفنون التشكيلية
650 04 - المدخل الاضافى بالموضوع-مصطلح موضوعى
مصطلح موضوعي العمارة - معاجم
650 04 - المدخل الاضافى بالموضوع-مصطلح موضوعى
مصطلح موضوعي الفنون التشكيلية - معاجم
942 ## - عناصر المدخل الإضافي( كوها)
مصدر التصنيف او مخطط الترفيف Dewey Decimal Classification
Koha [default] item type المراجع
260 ## - PUBLICATION, DISTRIBUTION, ETC. (IMPRINT)
-- بيروت :
-- مكتبة لبنان ،
Holdings
حالة التراجع حالة الفقد حالة تلف ليس للاعارة المكان المؤقت الموقع الحالى تاريخ الاكتساب اجمالي اﻻعارات رقم الطلب الباركود تاريخ اخر مشاهدة تاريخ تفعيل السعر نوع وعاء كوها
        مكتبة القاهرة الكبرى مكتبة القاهرة الكبرى 03/26/2014   م\720.03\ع م 158013 03/26/2014 03/26/2014 المراجع
        مكتبة القاهرة الكبرى مكتبة القاهرة الكبرى 03/26/2014   م\720.03\ع م 158014 03/26/2014 03/26/2014 المراجع
        مكتبة القاهرة الكبرى مكتبة القاهرة الكبرى 03/26/2014   م\720.03\ع م 158015 03/26/2014 03/26/2014 المراجع
        مكتبة القاهرة الكبرى مكتبة القاهرة الكبرى 03/26/2014   م\720.03\ع م 158016 03/26/2014 03/26/2014 المراجع
        مكتبة القاهرة الكبرى مكتبة القاهرة الكبرى 03/26/2014   م\720.03\ع م 158017 03/26/2014 03/26/2014 المراجع
        مكتبة القاهرة الكبرى مكتبة القاهرة الكبرى 03/26/2014   م\720.03\ع م 158018 03/26/2014 03/26/2014 المراجع
        مكتبة القاهرة الكبرى مكتبة القاهرة الكبرى 03/26/2014   م\720.03\ع م 158019 03/26/2014 03/26/2014 المراجع
        مكتبة القاهرة الكبرى مكتبة القاهرة الكبرى 03/26/2014   م\720.03\ع م 158020 03/26/2014 03/26/2014 المراجع
        مكتبة القاهرة الكبرى مكتبة القاهرة الكبرى 03/26/2014   م\720.03\ع م 158021 03/26/2014 03/26/2014 المراجع
        مكتبة القاهرة الكبرى مكتبة القاهرة الكبرى 03/26/2014   م\720.03\ع م 158022 03/26/2014 03/26/2014 المراجع
        مكتبة القاهرة الكبرى مكتبة القاهرة الكبرى 03/26/2014   م\720.03\ع م 158023 03/26/2014 03/26/2014 المراجع
        مكتبة القاهرة الكبرى مكتبة القاهرة الكبرى 03/26/2014   م\720.03\ع م 158024 03/26/2014 03/26/2014 المراجع
        مكتبة القاهرة الكبرى مكتبة القاهرة الكبرى 03/26/2014   م\720.03\ع م 158025 03/26/2014 03/26/2014 المراجع
        مكتبة القاهرة الكبرى مكتبة القاهرة الكبرى 03/26/2014   م\720.03\ع م 158026 03/26/2014 03/26/2014 المراجع
        مكتبة القاهرة الكبرى مكتبة القاهرة الكبرى 03/26/2014   م\720.03\ع م 158027 03/26/2014 03/26/2014 المراجع
        مكتبة القاهرة الكبرى مكتبة القاهرة الكبرى 03/26/2014   م\720.03\ع م 158028 03/26/2014 03/26/2014 المراجع
        مكتبة القاهرة الكبرى مكتبة القاهرة الكبرى 03/26/2014   م\720.03\ع م 158029 03/26/2014 03/26/2014 المراجع
        مكتبة القاهرة الكبرى مكتبة القاهرة الكبرى 03/26/2014   م\720.03\ع م 158030 03/26/2014 03/26/2014 المراجع

Powered By

EGPV